| 000 | 00576nam a2200229Ia 4500 | ||
|---|---|---|---|
| 005 | 20250425161753.0 | ||
| 008 | 250425s9999 xx 000 0 und d | ||
| 020 | _a9687270640 | ||
| 041 | _aspa | ||
| 082 | _a005.133 | ||
| 100 | _aHENNEFELD, JULIEN | ||
| 245 | 0 | _aTURBO PASCAL CON APLICACIONES 3.0, 4.0, Y 5.0 | |
| 250 | _a1A ED. | ||
| 260 | _aMEXICO | ||
| 260 |
_aMéxico _bIBEROAMERICA _c1989 |
||
| 300 | _a414 | ||
| 650 | _aLENGUAJE DE PROGRAMACION | ||
| 650 | _aTURBO PASCAL | ||
| 700 |
_aALFONSO LEAL GUAJARDO _etraductor |
||
| 942 | _c01 | ||
| 010 | _a28341 | ||
| 999 |
_c215786 _d215786 |
||